| 000 | 00946cam a2200205 4500 | ||
|---|---|---|---|
| 001 | WS1256265 | ||
| 008 | 040329n 000 0 eng u | ||
| 035 | _a(Sirsi) u125626 | ||
| 110 |
_aServing Construction and Architecture in Local Authorities _94607 |
||
| 245 | _aServing Construction and Architecture in Local Authorities (Scala) | ||
| 520 | _aWeb site for this organisation of public sector architects and related professionals committed to assisting its members in achieving the highest possible standards in the development, design, construction and management of the public sector estate. Includes details of publications and discussion forum. | ||
| 650 | _aORGANISATION | ||
| 650 | _aARCHITECTS | ||
| 650 | _aPUBLIC SECTOR | ||
| 650 | _aDISCUSSION FORUM | ||
| 650 | _aLOCAL AUTHORITIES | ||
| 690 | _aBUILT ENVIRONMENT | ||
| 856 | 4 | 0 |
_uhttps://www.scala.org.uk _zView the website free of charge at www.scala.org.uk... |
| 942 | _n0 | ||
| 999 |
_c120419 _d120419 |
||